[Event "Leiden LCT op-A 4th"]
[Site "Leiden"]
[Date "2010.07.09"]
[Round "1"]
[White "Hortensius, Lisa"]
[Black "Gofshtein, Leonid D"]
[Result "1/2-1/2"]
[WhiteElo "2058"]
[BlackElo "2521"]
[PlyCount "156"]
[EventDate "2010.07.09"]
[EventType "swiss"]
[EventRounds "9"]
[EventCountry "NED"]
[SourceTitle "CBM 137 Extra"]
[Source "ChessBase"]
[SourceDate "2010.09.01"]
[SourceVersion "1"]
[SourceVersionDate "2010.09.01"]
[SourceQuality "1"]

1. e4 c5 2. Nf3 e6 3. d4 cxd4 4. Nxd4 a6 5. Bd3 Ne7 6. Nc3 Nbc6 7. Nb3 Ng6 8. 0-0 b5 9. f4 Be7 10. Be3 b4 11. Ne2 0-0 12. Ned4 Nxd4 13. Bxd4 f6 14. Qe1 Qc7 15. Qf2 Qb8 16. Be3 a5 17. Rad1 Bb7 18. Bc5 Bxc5 19. Nxc5 Bc6 20. Bc4 Ra7 21. g3 Kh8 22. Rd2 f5 23. e5 Rc8 24. Rfd1 Nf8 25. Bf1 a4 26. Na6 Qb7 27. Nxb4 Bf3 28. Be2 Be4 29. a3 g5 30. Bd3 Bxd3 31. Rxd3 Ng6 32. Qf3 gxf4 33. Qxb7 Rxb7 34. gxf4 Rg8 35. Kf1 Nxf4 36. Rxd7 Rxd7 37. Rxd7 Rc8 38. Rd2 Rc4 39. Nd3 Nd5 40. Kf2 Kg7 41. Kf3 Kf7 42. Rg2 Ne7 43. Ke3 Nc6 44. Kd2 Rh4 45. b3 Nd4 46. bxa4 Nc6 47. Kc3 Rxa4 48. Kb3 Re4 49. a4 h5 50. c3 Na5+ 51. Ka3 h4 52. Nb2 Rxe5 53. Kb4 Nc6+ 54. Kb3 Ra5 55. Nc4 Ra8 56. Rg5 Kf6 57. Rh5 Ne5 58. Rh6+ Ng6 59. a5 f4 60. Kc2 Kf5 61. h3 e5 62. Rh7 e4 63. Kd2 Ra6 64. Rf7+ Kg5 65. Ke2 Rc6 66. Nd2 Re6 67. a6 Rxa6 68. Nxe4+ Kh6 69. Rf5 Ra1 70. Kf3 Re1 71. Nf2 Re3+ 72. Kg2 Rxc3 73. Ng4+ Kg7 74. Nf6 Rc4 75. Nd5 Ra4 76. Kf3 Ra3+ 77. Kg2 Rg3+ 78. Kf2 Rxh3 1/2-1/2

[Event "Maastricht Limburg op-A 4th"]
[Site "Maastricht"]
[Date "2010.05.22"]
[Round "3"]
[White "Shchekachev, Andrei"]
[Black "Hortensius, Lisa"]
[Result "1-0"]
[WhiteElo "2549"]
[BlackElo "2063"]
[PlyCount "79"]
[EventDate "2010.05.21"]
[EventType "swiss"]
[EventRounds "7"]
[EventCountry "NED"]
[SourceTitle "CBM 136 Extra"]
[Source "ChessBase"]
[SourceDate "2010.07.02"]
[SourceVersion "2"]
[SourceVersionDate "2010.07.15"]
[SourceQuality "1"]

1. Nf3 Nf6 2. c4 g6 3. Nc3 Bg7 4. e4 d6 5. d4 0-0 6. Be2 e5 7. Be3 Ng4 8. Bg5 f6 9. Bc1 f5 10. dxe5 Nxe5 11. exf5 Rxf5 12. Nd4 Rf8 13. Be3 Nbc6 14. Nxc6 Nxc6 15. Qd2 Be6 16. 0-0 Ne5 17. b3 Qf6 18. Nb5 Qf7 19. Rac1 a6 20. Nc3 Rad8 21. Ne4 Kh8 22. Ng5 Qe7 23. Nxe6 Qxe6 24. h3 Rf7 25. Qd5 Qxd5 26. cxd5 Re8 27. Rfd1 Bf6 28. Rd4 a5 29. Ra4 b6 30. Re4 Rfe7 31. Bb5 Rc8 32. f4 Nf7 33. Rxe7 Bxe7 34. Bd7 Rb8 35. Rxc7 Bd8 36. Ra7 Bf6 37. Ra6 Bd8 38. Bd4+ Kg8 39. Be6 Kf8 40. Ra7 1-0